书目信息 |
| 题名: |
万能量具的修理
|
|
| 作者: | ;郑州市计量管理所 编著 | |
| 分册: | ||
| 出版信息: | 北京 机械工业出版社 1976 |
|
| 页数: | 409页 | |
| 开本: | 19cm | |
| 丛书名: | ||
| 单 册: | ||
| 中图分类: | TH711 | |
| 科图分类: | ||
| 主题词: | 长度计量仪器--维修 | |
| 电子资源: | ||
| ISBN: | 15033.4318 | |
| 000 | 00687nam0 2200241 450 | |
| 001 | 0176000798 | |
| 005 | 20100712215130.0 | |
| 010 | @a15033.4318@dCNY0.89 | |
| 091 | @a15033.4318 | |
| 100 | @a19950926d1976 em y0chiy0110 ea | |
| 101 | 0 | @achi |
| 102 | @aCN@b110000 | |
| 105 | @ay z 000yy | |
| 106 | @ar | |
| 200 | 1 | @a万能量具的修理@9Wan;Mo Neng Liang Ju De;Di Xiu Li @f郑州市计量管理所等编著 |
| 210 | @a北京@c机械工业出版社@d1976 | |
| 215 | @a409页@d19cm | |
| 606 | 0 | @a长度计量仪器@x维修 |
| 610 | 0 | @a量具 |
| 690 | @aTH711@v3 | |
| 711 | 02 | @a郑州市计量管理所@9zheng zhou shi ji liang guan li suo@4编著 |
| 801 | 0 | @aCN@bAzMarc@c20130904 |
| 905 | @aBZT@dTH711@e1@f2@sTH711/1 | |
| 万能量具的修理/郑州市计量管理所等编著.-北京:机械工业出版社,1976 |
| 409页;19cm |
| ISBN 15033.4318:CNY0.89 |
| ● |
| 相关链接 |
|
|
|
正题名:万能量具的修理
索取号:TH711/1
 
预约/预借
| 序号 | 登录号 | 条形码 | 馆藏地/架位号 | 状态 | 备注 |
| 1 | 2000118235 | 2000118235 | 旧书回溯/ [索取号:TH711/1] | 在馆 | |
| 2 | 2000118236 | 2000118236 | 旧书回溯/ [索取号:TH711/1] | 在馆 |